Statistics for Châteaux of the Loire Valley - Picture Quiz

Click here to take the quiz!

General Stats

  • This quiz has been taken 13 times
  • The average score is 6 of 15

Answer Stats

Answer% Correct
Château de Chambord
100%
Château d'Angers
63%
Château de Blois
63%
Château de Chenonceau
50%
Château d'Azay-le-Rideau
38%
Château de Villandry
38%
Clos Lucé
38%
Château d'Amboise
25%
Château de Chaumont
25%
Château de Cheverny
25%
Château de Tours
25%
Château d'Ussé
25%
Château de Brissac
13%
Château de Chinon
13%
Château de Valençay
13%

Score Distribution

Percentile by Number Answered

Percent of People with Each Score

Your Score History

You have not taken this quiz